पी के घर (Record no. 39136)

MARC details
000 -LEADER
fixed length control field 00406nam a2200145Ia 4500
008 - FIXED-LENGTH DATA ELEMENTS--GENERAL INFORMATION
fixed length control field 230917s9999||||xx |||||||||||||| ||und||
040 ## - CATALOGING SOURCE
-- 166526
Original cataloging agency VIVEKANANDA LIBRARY
041 ## - Language
-- English
082 ## - DDC NUMBER
Classification number 891.433721 CR361P
100 ## - MAIN ENTRY--PERSONAL NAME
Personal name चन्द्र, र प्र
245 #0 - TITLE STATEMENT
Title पी के घर
260 ## - PUBLICATION, DISTRIBUTION, ETC. (IMPRINT)
Place of publication, distribution, etc कलकता
Name of publisher, distributor, etc अमृत लाल सी पटेल
Date of publication, distribution, etc 1983
300 ## - PHYSICAL DESCRIPTION
Pages 191 p.
942 ## - ADDED ENTRY ELEMENTS (KOHA)
Koha item type Hindi Books
Holdings
Withdrawn status Lost status Damaged status Not for loan Location (home branch) Sublocation or collection (holding branch) Date acquired Koha issues (times borrowed) Koha full call number Accession No. Koha date last seen Koha item type
        VIVEKANANDA LIBRARY VIVEKANANDA LIBRARY 09/11/2010   891.433721 CR361P 104856 17/09/2023 Hindi Books
© Designed and Maintained by Vivekananda Library, MDU Rohtak